000 00346 a2200169 4500
001 56773
020 _a8526245864
040 _cAnchieta - Pituba
100 _aGaldino, Luiz
240 1 0 _aREAPROVEITAR
_lpor
245 1 0 _aREAPROVEITAR
300 _a96
362 0 _a2002
440 1 _aScipione
650 4 _aLiteratura juvenil
942 _cBK
999 _c56773
_d56773